| 000 | 00000nam 2200000zi 4500 |
| 001 | 9.933122 |
| 003 | CaOODSP |
| 005 | 20250214122624 |
| 006 | m o d f |
| 007 | cr mn||||||||| |
| 008 | 240130t20242024onc ob f000 0 fre d |
| 020 | |a9780660698953 |
| 040 | |aCaOODSP|bfre|erda|cCaOODSP |
| 043 | |an-cn--- |
| 045 | |ay2y2 |
| 086 | 1 |aH14-544/2-2024F-PDF |
| 245 | 00|aEnquête sur la couverture vaccinale des enfants dans les populations clés (ECVEPC) - parents immigrants récents - 2023 : |brapport / |cpréparé pour l'Agence de la santé publique du Canada. |
| 264 | 1|a[Ottawa] : |bAgence de la santé publique du Canada = Public Health Agency of Canada, |c2024. |
| 264 | 4|c©2024 |
| 300 | |a1 ressource en ligne (70 pages) + |esommaire (6 pages) |
| 336 | |atexte|btxt|2rdacontent/fre |
| 337 | |ainformatique|bc|2rdamedia/fre |
| 338 | |aressource en ligne|bcr|2rdacarrier/fre |
| 500 | |aPublié aussi en anglais sous le titre : The childhood immunization coverage survey in key populations (KPCICS) : recent immigrant parents - 2023 : report. |
| 500 | |a« Nom du fournisseur: Advanis Inc. » |
| 500 | |a« Numéro de contrat: 6D142-22-6282. » |
| 500 | |a« Numéro d'enregistrement: POR 143-22. » |
| 500 | |a« Janvier 2024 » -- Page 3. |
| 504 | |aComprend des références bibliographiques. |
| 650 | 6|aEnfants immigrants|xMaladies|zCanada|xPrévention|xOpinion publique. |
| 650 | 6|aEnfants|xVaccination|zCanada|xOpinion publique. |
| 650 | 6|aCOVID-19|xVaccination|zCanada|xOpinion publique. |
| 650 | 6|aVaccins|zCanada|xOpinion publique. |
| 650 | 6|aVaccins contre la COVID-19|zCanada|xOpinion publique. |
| 650 | 6|aOpinion publique|zCanada. |
| 650 | 6|aParents|zCanada|xAttitudes. |
| 650 | 6|aImmigrants|zCanada|xAttitudes. |
| 710 | 2 |aAgence de santé publique du Canada, |eorganisme de publication. |
| 710 | 2 |aAdvanis (Firme), |econsultant. |
| 775 | 08|tThe childhood immunization coverage survey in key populations (KPCICS) : |w(CaOODSP)9.933121 |
| 794 | |tEnquête sur la couverture vaccinale des enfants dans les populations clés (ECVEPC) - parents immigrants récents - 2024 : |w(CaOODSP)9.948051 |
| 856 | 40|qPDF|s1.04 Mo|uhttps://publications.gc.ca/collections/collection_2024/aspc-phac/H14-544-2-2024-fra.pdf|z(rapport) |
| 856 | 40|qPDF|s255 Ko|uhttps://publications.gc.ca/collections/collection_2024/aspc-phac/H14-544-2-2024-1-fra.pdf|z(sommaire) |
| 856 | 4 |qHTML|sS.O.|uhttps://epe.bac-lac.gc.ca/100/200/301/pwgsc-tpsgc/por-ef/public_health_agency_canada/2023/143-22-f/POR143-22-rapport.html|z(rapport) |
| 856 | 4 |qHTML|sS.O.|uhttps://epe.bac-lac.gc.ca/100/200/301/pwgsc-tpsgc/por-ef/public_health_agency_canada/2023/143-22-f/sommaire/POR143-22-sommaire.html|z(sommaire) |
| 856 | 4 |qHTML|sS.O.|uhttps://epe.bac-lac.gc.ca/100/200/301/pwgsc-tpsgc/por-ef/public_health_agency_canada/2023/143-22-f/index.html|z(ensemble de données complet) |